Angola Fact-File - Statistics

General Stats
  • This quiz has been taken 7 times
  • The average score is 12 of 16
Answer Stats
Hint Answer % Correct
Continent Africa
100%
Bordering Country Democratic Republic of the Congo
100%
Most popular sport Football
100%
Capital City Luanda
100%
Largest City (By Population) Luanda
100%
Bordering Country Namibia
100%
Official Language Portuguese
100%
Bordering Country Republic of the Congo
100%
Driving Side Right
100%
Bordering Country Zambia
100%
Currency Angolan Kwanza
86%
National Animal Giant Sable Antelope
57%
Highest Point Mt Moco
29%
Calling Code +244
14%
Tallest Building IMOB Business Tower
0%
National Anthem (English Name) Onwards Angola
0%
No matching quizzes found
Score Distribution
Percent of People with Each Score
Percentile by Number Answered
Your Score History
You have not taken this quiz